| 000 | 01010cam a22003133a 4500 | ||
|---|---|---|---|
| 001 | 15546 | ||
| 003 | PGUSA | ||
| 005 | 20140828083331.0 | ||
| 008 | 050404s2005||||xxu|||||s|||||000 1 eng d | ||
| 040 |
_aPGUSA _beng |
||
| 042 | _adc | ||
| 050 | 4 | _aPZ | |
| 100 | 1 |
_aHale, Lucretia P. _q(Lucretia Peabody), _d1820-1900 |
|
| 245 | 1 | 4 |
_aThe Last of the Peterkins : _bWith Others of Their Kin _h[electronic resource] / _cLucretia P. Hale |
| 260 |
_bProject Gutenberg, _c2005 |
||
| 506 | _aPublic domain in the USA. | ||
| 516 | _aElectronic text | ||
| 653 | _aVoyages and travels -- Juvenile fiction | ||
| 653 | _aPyramids -- Juvenile fiction | ||
| 653 | _aAdventure stories | ||
| 653 | _aWit and humor, Juvenile | ||
| 653 | _aConduct of life -- Juvenile fiction | ||
| 653 | _aGovernors -- Juvenile fiction | ||
| 653 | _aDiaries -- Juvenile fiction | ||
| 653 | _aFamilies -- Juvenile fiction | ||
| 830 | 0 |
_aProject Gutenberg _v15546 |
|
| 856 | 4 | 0 | _uhttp://www.gutenberg.org/ebooks/15546 |
| 942 | _cEB | ||
| 999 |
_c244801 _d244801 |
||